Svätý Kríž drevený artikulárny a.v. kostol

Zobrazenie: Pohľad na interiér dreveného artikulárneho kostola Svätý kríž s oltárom v prednej strane

Bibliographic Details
Other Authors: Lašut, Filip, 1945-2012 (Photographer)
Format: Postcard
Language:Slovak
German
English
PhysicalDescription:1 pohľadnica farebná 11 x 15 cm
Published: [Vrútky] Filip Lašút [1998?]
Subjects:

MARC

LEADER 00000ckm a2200000 a 4500
001 vtls001320467
003 SK-MaSNL
005 20260512123233.0
007 kp co
008 240131q1998 xo g 0kuslo
015 |a SNBG1998/02-00911 
035 |a SNK000273094 
035 |a urn:nbn:sk:snk-km3lwcr 
035 |a 523B611C-66D6-43FB-90DD-BA7C89D685A7 
035 |a urn:nbn:sk:snk-km00drc2 
040 |a SNK  |b slo  |c SNK  |e AACR2 
041 0 |a slo  |a ger  |a eng 
043 |a e-xo--- 
044 |a xo  |c SK 
072 7 |a 913  |x Regionálna geografia  |2 konspekt 
080 |a 913(437.6)  |2 2011 
080 |a 27‑523.42:274.5(439.22)  |2 2011 
080 |a 27-526.1/.6  |2 2011 
080 |a 726.591  |2 2011 
080 |a 726:27-526.2  |2 2011 
080 |a 904(084.121)  |2 2011 
080 |a 908.437.647(084.121)  |2 1981 
100 1 |a Lašut, Filip,  |d 1945-2012  |4 pht  |9 151668 
245 1 |a Svätý Kríž  |h grafika  |b drevený artikulárny a.v. kostol  |c foto a vydanie Filip Lašut Slovensko 
246 3 1 |a Svätý Kríž  |b wooden articular lutheran a. b. church 
246 3 1 |a Svätý Kríž  |b artikularische lutherische a. b. holzkirche 
246 1 |i Názov na obrazovej časti:  |a Svätý Kríž 
260 |a [Vrútky]  |b Filip Lašút  |c [1998?]  |e Skalica  |f Grafobal 
300 |a 1 pohľadnica  |b farebná  |c 11 x 15 cm 
500 |a Rok vydania určený na základe prírastkového čísla 
500 |a Na adresnej časti uvedené: "Foto a vydanie © Filip Lašut Slovensko" 
520 8 |a Zobrazenie: Pohľad na interiér dreveného artikulárneho kostola Svätý kríž s oltárom v prednej strane 
546 |a Súbežný podnázov je v angl. a nem. 
610 2 7 |a Svätý kríž (Slovensko : kostol)  |2 SNKKA  |9 173052 
650 0 7 |a artikulárne kostoly  |2 SNKPH  |9 89762 
650 0 7 |a evanjelické kostoly  |2 SNKPH  |9 86148 
650 0 7 |a vybavenie kostolov  |2 SNKPH  |9 125065 
650 0 7 |a oltáre  |2 SNKPH  |9 3030 
651 7 |a Svätý Kríž (Slovensko)  |2 SNKPHgeo  |9 182170 
655 7 |a miestne pohľadnice  |2 SNKPH  |9 70510 
655 7 |a pohľadnice kultúrnych pamiatok  |2 SNKPH  |9 70523 
852 |a Slovenská národná knižnica 
958 |a GBN 
958 |a TL 
958 |a GC 
958 |a OND 
958 |a EUIPO 
999 |c 717127  |d 719057 
952 |t P60, <03>, [BOOK], {603}  |a SNK  |b SNK  |y PREZ  |7 0  |p 17A1297264  |o snkSP 148216  |i snkPV 15/98  |0 0  |1 0  |4 0  |d 1998-02-11  |f 1  |l 0  |r 2005-01-02 00:00:00  |w 2026-02-23 
952 |t P60, <04>, [BOOK], {604}  |a SNK  |b SNK  |y PREZ  |7 0  |p 17A1297257  |o snkSP 148216 D1  |i snkPV 16/98  |0 0  |1 0  |4 0  |d 1998-02-11  |l 0  |r 2005-01-02 00:00:00  |w 2026-02-23